Organizational Behavior: Improving Perormance and Commitment in the Workplace (Record no. 4297)
[ view plain ]
| 005 - DATE AND TIME OF LATEST TRANSACTION | |
|---|---|
| control field | 20250618125131.0 |
| 020 ## - INTERNATIONAL STANDARD BOOK NUMBER | |
| International Standard Book Number | 978-0-07-353008-6 |
| 082 ## - DEWEY DECIMAL CLASSIFICATION NUMBER | |
| Classification number | 658.3 COL |
| 100 ## - MAIN ENTRY--PERSONAL NAME | |
| Author name | COLQUITT, A. J |
| 245 ## - TITLE STATEMENT | |
| Title | Organizational Behavior: Improving Perormance and Commitment in the Workplace |
| 260 ## - PUBLICATION, DISTRIBUTION, ETC. | |
| Place of publication, distribution, etc. | New York |
| Name of publisher, distributor, etc. | McGraw-Hill Irwin |
| Date of publication, distribution, etc. | 2009. |
| 300 ## - PHYSICAL DESCRIPTION | |
| Extent | xxi,617p.:ill.; figure, tables, pictures |
| Other physical details | Index, Glossary |
| Dimensions | 26cm |
| 700 ## - ADDED ENTRY--PERSONAL NAME | |
| Other authors/Editors | Jeffery A. LePine |
| 700 ## - ADDED ENTRY--PERSONAL NAME | |
| Other authors/Editors | Michael J. Wesson |
| 942 ## - ADDED ENTRY ELEMENTS (KOHA) | |
| Source of classification or shelving scheme | Dewey Decimal Classification |
| Koha item type | Books |
| Date last seen | Total checkouts | Full call number | Barcode | Cost, replacement price | Price effective from | Koha item type | Lost status | Source of classification or shelving scheme | Damaged status | Not for loan | Withdrawn status | Home library | Current library | Shelving location | Date acquired | Source of acquisition | Cost, normal purchase price |
|---|---|---|---|---|---|---|---|---|---|---|---|---|---|---|---|---|---|
| 06/18/2025 | 658.3 COL | MZA0001367 | 120000.00 | 06/18/2025 | Books | Dewey Decimal Classification | CBE Mwanza | CBE Mwanza | General Collection | 07/18/2019 | Library Budget | 40000.00 | |||||
| 06/18/2025 | 658.3 COL | MZA0001368 | 120000.00 | 06/18/2025 | Books | Dewey Decimal Classification | CBE Mwanza | CBE Mwanza | General Collection | 07/18/2019 | Library Budget | 40000.00 | |||||
| 06/18/2025 | 658.3 COL | MZA0001369 | 120000.00 | 06/18/2025 | Books | Dewey Decimal Classification | CBE Mwanza | CBE Mwanza | General Collection | 07/18/2019 | Library Budget | 40000.00 | |||||
| 06/18/2025 | 658.3 COL | MZA0001370 | 120000.00 | 06/18/2025 | Books | Dewey Decimal Classification | CBE Mwanza | CBE Mwanza | General Collection | 07/18/2019 | Library Budget | 40000.00 | |||||
| 06/18/2025 | 658.3 COL | MZA0001371 | 120000.00 | 06/18/2025 | Books | Dewey Decimal Classification | CBE Mwanza | CBE Mwanza | General Collection | 07/18/2019 | Library Budget | 40000.00 |
